Statistics for Rugby World Cup 2019 Mega Quiz

Click here to take the quiz!

General Stats

  • This quiz has been taken 17 times
    (16 since last reset)
  • The average score is 15 of 20

Answer Stats

QuestionAnswer% Correct
Which two nations qualified from Pool C?England and France
100%
Which two nations contested the final?England and South Africa
100%
Which two nations qualified from Pool A?Japan and Ireland
100%
Which two nations qualified from Pool B?New Zealand and South Africa
100%
Who won the tournament?South Africa
100%
Which two nations qualified from Pool D?Wales and Australia
100%
What was special about South Africa’s win?It was the first time a nation had won the tournament after losing a pool match
87%
Which nation failed to qualify for a RWC for the first time in 2019?Romania
87%
Which city hosted the final?Yokohama
87%
How many nations competed at the tournament?20
80%
Which two nations contested the opening match?Japan and Russia
80%
Who was the top points scorer?Handré Poland
73%
How many matches were cancelled due to the Typhoon Hagibis?Three
67%
Which referee hosted the final?Jérôme Garces
60%
New Zealand defeated Wales by what scoreline in the Bronze Final?40-17
53%
How many drop goals were scored at RWC 2019?Six
53%
Who was the top try scorer?Josh Adams
47%
How many nations failed to win a match at the tournament?Four
40%
Who scored the first try of the tournament?Kirill Golosnitsky
40%
How many red card were shown during the tournament?Eight
13%

Score Distribution

Percentile by Number Answered

Percent of People with Each Score

Your Score History

You have not taken this quiz since the last reset